LEADER 01358nam a2200313 u 4500 001 000000076544 003 CaOOAMICUS 005 20070226123225.0 008 031205s2001 fr u000 u fre u 020 $a2711615154 035 $a10978547 040 $aPUL$bita 041 1 $afre$hlat 100 0 $aIohannes de Rupella,$cO.F.M.,$dc. 1200-1245.$0(OLS)http://pul/name/15013 240 10$aSumma de anima$9(Iohannes de Rupella, O.F.M., c. 1200-1245).$lFrancese.$0(OLS)http://pul/title/100392 245 10$aSomme de l'âme /$cJean de la Rochelle ; avant-propos de Louis-J. Bataillon ; introduction, traduction et notes par Jean-MArie Vernier. 260 $aParis :$bVrin,$c2001. 300 $a257 p. ;$c22 cm 490 1 $aBibliothèque des textes philosophiques 500 $aComprende indice. 504 $aBibliografia: p. [249].251. 700 1 $aVernier, Jean-Marie.$0(OLS)http://pul/name/50934 830 0$aBibliothèque des textes philosophiques.$0(OLS)http://pul/title/6498 850 $aPUL 852 $aPUL$W1$xDP1 Religione 1$y20$m481 C 68$j98327$nBK-PRI$b $qStampati$B98327$CPULBib$Z2$F98327 $HPUL92005 $81 941 1 $a8 996 $6020$a2711615154$9(OLS)http://pul/number/100279 996 $6245$aSomme de l'âme$9(OLS)http://pul/title/100393 996 $6260$aParis :$bVrin$9(OLS)http://pul/publisher/50780 LEADER 01354nam a2200313 u 4500 001 000000026015 003 CaOOAMICUS 005 20070226111529.0 008 951107s1995 nyu u000 u eng u 020 $a0385413602 035 $a10669377 040 $aIPA$bita 041 1 $aeng$hgrc 130 0 $aBiblia.$pN.T.$pIacobi epistola.$lInglese.$0(OLS)http://pul/title/158626 245 14$aThe Letter of James :$ba new translation with introduction and commentary /$cLuke Timothy Johnson. 260 $aNew York :$bDoubleday,$c1995. 300 $axix, 412 ;$c25 cm 490 1 $aThe Anchor Bible ;$v37A 500 $aComprende indici e riferimenti bibliografici. 630 04$aBiblia.$pN.T.$pIacobi epistola$xCommenti.$0(OLS)http://pul/subject/37540 700 1 $aJohnson, Luke Timothy,$d1943-$0(OLS)http://pul/name/21517 830 4$aThe Anchor Bible ;$v37A.$0(OLS)http://pul/title/18634 850 $aPUL 852 $aPUL$W1$xSL Religione 1$y3$m1(6) G 37A$j36375$nBK-PRI$b $qStampati$B36375$CPULBib$Z2$F36375 $H $81 941 1 $a8 961 $aINV: 87552 996 $6020$a0385413602$9(OLS)http://pul/number/32374 996 $6245$aThe Letter of James :$ba new translation with introduction and commentary$9(OLS)http://pul/title/35792 996 $6260$aNew York :$bDoubleday$9(OLS)http://pul/publisher/53872